Leer el mundo. Experiencias actuales de transmisión cultural

Gespeichert in:
Bibliographische Detailangaben
1. Verfasser: Petit, Michèle (VerfasserIn)
Format: Buch
Sprache:Spanisch
Veröffentlicht: Buenos Aires, Argentina Fondo de Cultura Económica 2015
Ausgabe:Primera edición
Schriftenreihe:Espacios para la Lectura
Schlagworte:
Tags: Tag hinzufügen
Keine Tags, Fügen Sie den ersten Tag hinzu!

MARC

LEADER 00000cam a2200000 a 4500
001 UCC8338
003 CL-VaPUC
005 20220228115921.0
008 190621e20150000ag |||||||||||||||||spa|d
999 |c 374684  |d 374682 
020 |a 9789877190786 
040 |c Pontificia Universidad Católica de Valparaíso 
082 0 4 |a 306 PET 2015  |2 21 
100 0 |a Petit, Michèle  |e author  |9 603017 
245 1 0 |a Leer el mundo.  |b Experiencias actuales de transmisión cultural 
250 |a Primera edición  |b en español  
260 |a Buenos Aires, Argentina   |b Fondo de Cultura Económica  |c 2015 
300 |a 208 páginas  
490 0 |a Espacios para la Lectura 
583 |a last modification  |c 20190621 12:31:00  |k Rodrigo Vera 
650 0 |a Estudios culturales  |9 389320 
650 0 |a Sociología cultural  |9 337005 
852 |a BIBEDU 
942 |c BK  |2 ddc 
945 |d 20190621 12:31:00  |a dcastane 
952 |0 0  |1 0  |2 ddc  |3 erb  |4 0  |6 306_000000000000000_PET_2015  |7 0  |8 A  |9 493358  |a BIBEDU  |b BIBEDU  |d 2019-06-21  |e 2  |g 11037.00  |i 5553598  |o 306 PET 2015  |p 5553598  |r 2019-11-24  |v 11037.00  |w 2019-11-24  |y BK  |z Catalogado en:20190621  |k LIT